| LEADER 00000nam 2200000uu 4500 |
| 008 130218s2011||||th 000 0 eng d |
| 041 0 ^aEng
|
| 090 ^aThe WE870 S624 2011
|
| 100 0 ^aSiwaporn Pimpituk
|
| 245 14 ^aThe effects of a patient-centered physical therapyintervention on pain and physical function of persons withknee pain in community /^cSiwaporn Pimpituk
|
| 246 15 ^aผลของการรักษาทางกายภาพบำบัดโดยมีผู้ป่วยเป็นศูนย์กลางต่ออาการปวดและความสามารถทางกายของผู้ที่มีอาการปวดเข่าในชุมชน
|
| 260 ^aKhon Kaen:^bKhon Kaen University,^c2011
|
| 300 ^av, 93, [1] leaves :^bill
|
| 502 ^aThesis (M.Sc.)--Physical Therapy, Graduate School, KhonKaen University, 2011
|
| 650 0 ^aDissertations, Academic
|
| 650 2 ^aKnee injuries^xphysical therapy
|
| 650 2 ^aPatellofemoral pain sundrome^xphysical therapy
|
| 700 0 ^aศิวพร พิมพ์พิทักษ์
|
| 710 2 ^aKhon Kaen University.^bGraduate School.^bPhysical Therapy
|
| 999 ^aใช้งานได้ทุกระบบ
|